logo

Bir Sreshtho Munshi Abdur Rouf Library
Jhenaidah Cadet College

Common errors in English : (Record no. 8665)

MARC details
000 -LEADER
fixed length control field 00668cam a22002292a 4500
001 - CONTROL NUMBER
JCCL Control Number 8665
003 - CONTROL NUMBER IDENTIFIER
JCCL marc code BD-JhCC
005 - DATE AND TIME OF LATEST TRANSACTION
control field 20180307092127.0
008 - FIXED-LENGTH DATA ELEMENTS--GENERAL INFORMATION
fixed length control field 500101s1949 enk 000 0 eng d
035 ## - SYSTEM CONTROL NUMBER
system control number (BD-JhCC)8665
040 ## - CATALOGING SOURCE
Original cataloging agency UMC
Transcribing agency UMC
Modifying agency EQO
041 ## - LANGUAGE CODE
Language code of Book eng
082 ## - DEWEY DECIMAL CLASSIFICATION NUMBER
Author mark and Year FRE 1963
Classification number 428.3
090 ## - LOCALLY ASSIGNED LC-TYPE CALL NUMBER (OCLC); LOCAL CALL NUMBER (OCLC)
Classification number (OCLC) (R) ; Classification number, CALL (RLIN) (NR) PE1460
Local cutter number (OCLC) ; Book number/undivided call number, CALL (RLIN) .F7
100 1# - MAIN ENTRY--PERSONAL NAME
Personal name French, F. G.
Fuller form of name (Frederick George),
Dates associated with a name 1889-
245 10 - TITLE STATEMENT
Title Common errors in English :
Remainder of title their cause, prevention and cure /
Statement of responsibility, etc F. G. French.
260 ## - PUBLICATION, DISTRIBUTION, ETC. (IMPRINT)
Place of publication, distribution, etc London :
Name of publisher, distributor, etc Oxford University Press,
Date of publication, distribution, etc 1949.
300 ## - PHYSICAL DESCRIPTION
Pagination 132 p. ;
Dimensions 19 cm.
650 #0 - SUBJECT ADDED ENTRY--TOPICAL TERM
Topical term or geographic name as entry element English language
General subdivision Errors of usage
Form subdivision Dictionaries.
942 ## - ADDED ENTRY ELEMENTS (KOHA)
Source of classification or shelving scheme Dewey Decimal Classification
Koha item type Books
Holdings
Source of classification or shelving scheme Damaged status Not for loan Home library Current library Shelving location Date of accession Total Checkouts Full call number Barcode Date last seen Copy number Koha item type
Dewey Decimal Classification     JCC Rouf Library JCC Rouf Library General Stacks 03/01/2018   428.3 FRE 1963 11410 03/01/2018 C - 1 Books

JCC Library | Contacts | JCC Home

Last Update on 23 September 2017
Copyright @ 2017-2020 JCC Rouf Library
Rouf Library, Jhenidah Cadet College (JCC), Bangladesh